Macroeconomics <a> European text

Salvato in:
Dettagli Bibliografici
Autore principale: Burda, Michael
Altri autori: Wyplosz, Charles
Natura: Libro
Lingua:inglese
Pubblicazione: New York Oxford University Press 2009
Edizione:5th ed.
Soggetti:
Tags: Aggiungi Tag
Nessun Tag, puoi essere il primo ad aggiungerne!!

MARC

LEADER 00000nam a2200000 4500
001 0135321
005 20240306135815.5
020 |a 978-0-19-923682-4 
041 0 |a eng 
044 |a US 
245 1 0 |a Macroeconomics  |b <a> European text  |c Michael Burda and Charles Wyplosz 
250 |a 5th ed. 
264 1 |a New York  |b Oxford University Press  |c 2009 
300 |a 543 s. 
610 2 0 |a makroekonomika 
610 2 0 |a rast hospodársky 
610 2 0 |a trh práce 
610 2 0 |a nezamestnanosť 
610 2 0 |a ceny 
610 2 0 |a peniaze 
610 2 0 |a pôžičky 
610 2 0 |a aktíva 
610 2 0 |a kurz devízový 
610 2 0 |a politika fiškálna 
610 2 0 |a systém menový medzinárodný 
100 1 |a Burda, Michael 
700 1 |a Wyplosz, Charles